000 00633nam a2200229 4500
001 5927
010 _a9727704123
090 _a5927
100 _a20211231d2005 a||y0pory5003 ba
200 1 _aMomoko
_fCoby Hol
_gtrad. Carmen Carvalho
210 _aLisboa
_cPlátano Editora
_d2005
215 _a[26] p.
_cil.
_d26 cm
304 _aTit. orig.: Momoko
606 _914
_aLiteratura infantil
606 _913
_aLiteratura Estrangeira
675 _a82-93
_vBN
_zpor
675 _a821.1/.8
_vBN
_zpor
700 _aHol
_bCoby
_95580
702 _aCarvalho
_bCarmen de
_94565
801 0 _aPT
_bBMVN
_gRPC
830 _cAna Caetano
_d31/12/2021
990 _cLIVROS